<?xml version="1.0" encoding="UTF-8"?>
<record
    xmlns:xsi="http://www.w3.org/2001/XMLSchema-instance"
    xsi:schemaLocation="http://www.loc.gov/MARC21/slim http://www.loc.gov/standards/marcxml/schema/MARC21slim.xsd"
    xmlns="http://www.loc.gov/MARC21/slim">

  <leader>04431njm a2200625Ia 4500</leader>
  <controlfield tag="001">32947</controlfield>
  <controlfield tag="003">IT-RoPAU</controlfield>
  <controlfield tag="005">20220918181120.0</controlfield>
  <controlfield tag="008">131025s9999    xx            000 0 und d</controlfield>
  <datafield tag="040" ind1=" " ind2=" ">
    <subfield code="a">IT-RoPAU</subfield>
  </datafield>
  <datafield tag="040" ind1=" " ind2=" ">
    <subfield code="c">IT-RoPAU</subfield>
  </datafield>
  <datafield tag="041" ind1=" " ind2=" ">
    <subfield code="a">ITALIANO</subfield>
  </datafield>
  <datafield tag="999" ind1=" " ind2=" ">
    <subfield code="c">99691</subfield>
    <subfield code="d">99691</subfield>
  </datafield>
  <datafield tag="999" ind1=" " ind2=" ">
    <subfield code="b">n.d.</subfield>
  </datafield>
  <datafield tag="100" ind1=" " ind2=" ">
    <subfield code="a">AA.VV.</subfield>
    <subfield code="9">794</subfield>
  </datafield>
  <datafield tag="100" ind1=" " ind2=" ">
    <subfield code="e">Autore musica</subfield>
    <subfield code="9">18924</subfield>
  </datafield>
  <datafield tag="100" ind1=" " ind2=" ">
    <subfield code="g">Codice autore musica SPICS: 12000</subfield>
    <subfield code="9">796</subfield>
  </datafield>
  <datafield tag="245" ind1=" " ind2=" ">
    <subfield code="a">Motivi dell'allegria (I) vol. 4</subfield>
  </datafield>
  <datafield tag="250" ind1=" " ind2=" ">
    <subfield code="a">1a ed.</subfield>
  </datafield>
  <datafield tag="260" ind1=" " ind2=" ">
    <subfield code="a">MILANO</subfield>
  </datafield>
  <datafield tag="260" ind1=" " ind2=" ">
    <subfield code="b">COMBO RECORD</subfield>
    <subfield code="c">1970 [1a Ed.:1970]</subfield>
  </datafield>
  <datafield tag="300" ind1=" " ind2=" ">
    <subfield code="a">DISCO</subfield>
  </datafield>
  <datafield tag="500" ind1=" " ind2=" ">
    <subfield code="a">Musica folk, popolare</subfield>
  </datafield>
  <datafield tag="505" ind1=" " ind2=" ">
    <subfield code="a">Avanti e indr&#xE8; - Lucciole vagabonde - La violetera - Torna al paesello - Io cerco la Titina - Canti nuovi (Chi vuole con le donne aver fortuna...) - Vivere - La canzone dell'amore - Fiorellin del prato - Lola - Lo stornello del marinaro  - Che cosa importa a me (La mattchiche) - E' arrivato l'ambasciatore - Tulipan</subfield>
  </datafield>
  <datafield tag="511" ind1=" " ind2=" ">
    <subfield code="a">Cantano: Adriano Valle e Gabriella Piccinini con Rocco Bandera e suo fratello e Coro</subfield>
  </datafield>
  <datafield tag="511" ind1=" " ind2=" ">
    <subfield code="a">Cantano: Adriano Valle, Gabriella Piccinini con Rocco Bandera e suo fratello e coro Samba</subfield>
  </datafield>
  <datafield tag="511" ind1=" " ind2=" ">
    <subfield code="a">Cantano: Adriano Valle, Gabriella Piccinini con Rocco Bandera e suo fratello e coro Fox Trot</subfield>
  </datafield>
  <datafield tag="511" ind1=" " ind2=" ">
    <subfield code="a">Cantano: Adriano Valle, Gabriella Piccinini con Rocco Bandera e suo fratello e coro Tango</subfield>
  </datafield>
  <datafield tag="511" ind1=" " ind2=" ">
    <subfield code="a">Cantano: Adriano Valle, Gabriella Piccinini con Rocco Bandera e suo fratello e coro Valzer Moderato</subfield>
  </datafield>
  <datafield tag="511" ind1=" " ind2=" ">
    <subfield code="a">Cantano: Adriano Valle, Gabriella Piccinini con Rocco Bandera e suo fratello e coro Valzer</subfield>
  </datafield>
  <datafield tag="511" ind1=" " ind2=" ">
    <subfield code="a">Cantano: Adriano Valle, Gabriella Piccinini con Rocco Bandera e suo fratello e coro Valzer Lento</subfield>
  </datafield>
  <datafield tag="511" ind1=" " ind2=" ">
    <subfield code="a">Cantano: Adriano Valle, Gabriella Piccinini con Rocco Bandera e suo fratello e coro Charleston</subfield>
  </datafield>
  <datafield tag="511" ind1=" " ind2=" ">
    <subfield code="a">Cantano: Adriano Valle, Gabriella Piccinini con Rocco Bandera e suo fratello e coro Ritmo Allegro</subfield>
  </datafield>
  <datafield tag="650" ind1=" " ind2=" ">
    <subfield code="a">FOLK-POPOLARE [DISCHI]</subfield>
    <subfield code="e">Codice MATERIA SPICS: 9950</subfield>
    <subfield code="9">11487</subfield>
  </datafield>
  <datafield tag="700" ind1=" " ind2=" ">
    <subfield code="a">Ravasini Nino</subfield>
    <subfield code="d">Codice autore musica SPICS: 13383</subfield>
    <subfield code="e">Autore musica</subfield>
    <subfield code="p">Avanti e indr&#xE8;</subfield>
    <subfield code="9">18925</subfield>
  </datafield>
  <datafield tag="700" ind1=" " ind2=" ">
    <subfield code="a">Rastelli Nino</subfield>
    <subfield code="d">Codice autore SPICS: 13482</subfield>
    <subfield code="e">Autore</subfield>
    <subfield code="p">Avanti e indr&#xE8; - E' arrivato l'ambasciatore</subfield>
    <subfield code="9">18926</subfield>
  </datafield>
  <datafield tag="700" ind1=" " ind2=" ">
    <subfield code="a">Larici (Gili Mario)</subfield>
    <subfield code="d">Codice autore testo/musica SPICS: 13548</subfield>
    <subfield code="e">Autore testo/musica</subfield>
    <subfield code="p">Avanti e indr&#xE8;</subfield>
    <subfield code="9">18927</subfield>
  </datafield>
  <datafield tag="700" ind1=" " ind2=" ">
    <subfield code="a">Bixio Cesare Andrea</subfield>
    <subfield code="d">Codice autore musica SPICS: 13441</subfield>
    <subfield code="e">Autore musica</subfield>
    <subfield code="p">Lucciole vagabonde - Vivere - La canzone dell'amore - Lo stornello del marinaro </subfield>
    <subfield code="9">18928</subfield>
  </datafield>
  <datafield tag="700" ind1=" " ind2=" ">
    <subfield code="a">Cherubini Bixio</subfield>
    <subfield code="d">Codice autore testo/musica SPICS: 13442</subfield>
    <subfield code="e">Autore testo/musica</subfield>
    <subfield code="p">Lucciole vagabonde - La canzone dell'amore</subfield>
    <subfield code="9">18929</subfield>
  </datafield>
  <datafield tag="700" ind1=" " ind2=" ">
    <subfield code="a">Padilla</subfield>
    <subfield code="d">Codice autore musica SPICS: 14011</subfield>
    <subfield code="e">Autore musica</subfield>
    <subfield code="p">La violetera</subfield>
    <subfield code="9">18930</subfield>
  </datafield>
  <datafield tag="700" ind1=" " ind2=" ">
    <subfield code="a">Lombardo</subfield>
    <subfield code="d">Codice autore testo/musica SPICS: 22820</subfield>
    <subfield code="e">Autore testo/musica</subfield>
    <subfield code="p">La violetera</subfield>
    <subfield code="9">18931</subfield>
  </datafield>
  <datafield tag="700" ind1=" " ind2=" ">
    <subfield code="a">Giuliani Gilda</subfield>
    <subfield code="d">Codice autore testo/musica SPICS: 14332</subfield>
    <subfield code="e">Autore testo/musica</subfield>
    <subfield code="p">Torna al paesello</subfield>
    <subfield code="9">18932</subfield>
  </datafield>
  <datafield tag="700" ind1=" " ind2=" ">
    <subfield code="a">Daniderff Leo</subfield>
    <subfield code="d">Codice autore testo/musica SPICS: 14436</subfield>
    <subfield code="e">Autore testo/musica</subfield>
    <subfield code="p">Io cerco la Titina</subfield>
    <subfield code="9">18933</subfield>
  </datafield>
  <datafield tag="700" ind1=" " ind2=" ">
    <subfield code="a">Gill Armando (=Testa Michele)</subfield>
    <subfield code="d">Codice autore testo/musica SPICS: 13460</subfield>
    <subfield code="e">Autore testo/musica</subfield>
    <subfield code="p">Canti nuovi (Chi vuole con le donne aver fortuna...)</subfield>
    <subfield code="9">18934</subfield>
  </datafield>
  <datafield tag="700" ind1=" " ind2=" ">
    <subfield code="a">Mascheroni Vittorio</subfield>
    <subfield code="d">Codice autore musica SPICS: 13134</subfield>
    <subfield code="e">Autore musica</subfield>
    <subfield code="p">Fiorellin del prato</subfield>
    <subfield code="9">18935</subfield>
  </datafield>
  <datafield tag="700" ind1=" " ind2=" ">
    <subfield code="a">Panzeri Mario</subfield>
    <subfield code="d">Codice autore testo/musica SPICS: 13372</subfield>
    <subfield code="e">Autore testo/musica</subfield>
    <subfield code="p">Fiorellin del prato - E' arrivato l'ambasciatore</subfield>
    <subfield code="9">18936</subfield>
  </datafield>
  <datafield tag="700" ind1=" " ind2=" ">
    <subfield code="a">Donaldson</subfield>
    <subfield code="d">Codice autore musica SPICS: 14426</subfield>
    <subfield code="e">Autore musica</subfield>
    <subfield code="p">Lola</subfield>
    <subfield code="9">18937</subfield>
  </datafield>
  <datafield tag="700" ind1=" " ind2=" ">
    <subfield code="a">Lombardo</subfield>
    <subfield code="d">Codice autore testo/musica SPICS: 22820</subfield>
    <subfield code="e">Autore testo/musica</subfield>
    <subfield code="p">Lola</subfield>
    <subfield code="9">18938</subfield>
  </datafield>
  <datafield tag="700" ind1=" " ind2=" ">
    <subfield code="a">Bonagura Enzo</subfield>
    <subfield code="d">Codice autore testo/musica SPICS: 13478</subfield>
    <subfield code="e">Autore testo/musica</subfield>
    <subfield code="p">Lo stornello del marinaro</subfield>
    <subfield code="9">18939</subfield>
  </datafield>
  <datafield tag="700" ind1=" " ind2=" ">
    <subfield code="a">Dunnio</subfield>
    <subfield code="d">Codice autore musica SPICS: 18092</subfield>
    <subfield code="e">Autore musica</subfield>
    <subfield code="p">Che cosa importa a me (La mattchiche)</subfield>
    <subfield code="9">18940</subfield>
  </datafield>
  <datafield tag="700" ind1=" " ind2=" ">
    <subfield code="a">Ferrazza</subfield>
    <subfield code="d">Codice autore testo/musica SPICS: 14206</subfield>
    <subfield code="e">Autore testo/musica</subfield>
    <subfield code="p">Che cosa importa a me (La mattchiche)</subfield>
    <subfield code="9">18941</subfield>
  </datafield>
  <datafield tag="700" ind1=" " ind2=" ">
    <subfield code="a">Casiroli Nino</subfield>
    <subfield code="d">Codice autore musica SPICS: 13508</subfield>
    <subfield code="e">Autore musica</subfield>
    <subfield code="p">E' arrivato l'ambasciatore</subfield>
    <subfield code="9">18942</subfield>
  </datafield>
  <datafield tag="700" ind1=" " ind2=" ">
    <subfield code="a">Grever</subfield>
    <subfield code="d">Codice autore musica SPICS: 26954</subfield>
    <subfield code="e">Autore musica</subfield>
    <subfield code="p">Tulipan</subfield>
    <subfield code="9">18943</subfield>
  </datafield>
  <datafield tag="700" ind1=" " ind2=" ">
    <subfield code="a">Morbelli Riccardo</subfield>
    <subfield code="d">Codice autore testo/musica SPICS: 13446</subfield>
    <subfield code="e">Autore testo/musica</subfield>
    <subfield code="p">Tulipan</subfield>
    <subfield code="9">18944</subfield>
  </datafield>
  <datafield tag="942" ind1=" " ind2=" ">
    <subfield code="c">MD</subfield>
    <subfield code="2">ddc</subfield>
  </datafield>
  <datafield tag="952" ind1=" " ind2=" ">
    <subfield code="0">0</subfield>
    <subfield code="1">0</subfield>
    <subfield code="4">0</subfield>
    <subfield code="6">32947_000000000000000</subfield>
    <subfield code="7">1</subfield>
    <subfield code="a">SPICS</subfield>
    <subfield code="b">SPICS</subfield>
    <subfield code="d">2013-10-25</subfield>
    <subfield code="l">0</subfield>
    <subfield code="o">32947</subfield>
    <subfield code="r">2013-10-25 00:00:00</subfield>
    <subfield code="w">2013-10-25</subfield>
    <subfield code="y">MD</subfield>
    <subfield code="z">Progr. Ins.: 12203 / N.Vol.: 1 / Copie: 1 - Copia rara: n.d. / date import: 01.01.2014 - By Epidotti, Trombetti, Vaglietti</subfield>
  </datafield>
</record>
